KOHA-Header-6

شاہین (Record no. 13703)

000 -LEADER
fixed length control field 00363nam a22001217a 4500
082 ## - DEWEY DECIMAL CLASSIFICATION NUMBER
Classification number 808.84
Item number ح ج ا
100 ## - MAIN ENTRY--AUTHOR NAME
Personal name حجازی، نسیم
245 ## - TITLE STATEMENT
Title شاہین
Statement of responsibility, etc نسیم حجازی
260 ## - PUBLICATION, DISTRIBUTION, ETC. (IMPRINT)
Place of publication لاہور
Name of publisher جہانگیر بک ڈپو
Year of publication ٢٠٠٥
300 ## - PHYSICAL DESCRIPTION
Number of Pages ٥٢٧ صفحات
650 ## - SUBJECT ADDED ENTRY--TOPICAL TERM
Topical Term Novel
-- Shaheen
-- Naseem Hijazi
-- Urdu Literature
942 ## - ADDED ENTRY ELEMENTS (KOHA)
Koha item type Books
Holdings
Withdrawn status Lost status Collection code Permanent Location Current Location Shelving location Date acquired Full call number Accession Number Koha item type
    Urdu Literature MAJU MAJU Shelf No.A11 2023-02-03 808.84 ح ج ا 10795 Books

Powered by Koha